Welcome to the Holygrace Academy Library

Please use search bar below to get started

THE OXFORD PRIMARY SCHOOL DICTIONARY (Record no. 2032)

MARC details
000 -LEADER
fixed length control field 00316nam a22001337a 4500
020 ## - INTERNATIONAL STANDARD BOOK NUMBER
ISBN 019564326-4
082 ## - DEWEY DECIMAL CLASSIFICATION NUMBER
Classification number 030
Item number AUG/O
100 ## - MAIN ENTRY--AUTHOR NAME
Personal name AUGARDE, A.J
245 ## - TITLE STATEMENT
Title THE OXFORD PRIMARY SCHOOL DICTIONARY
260 ## - PUBLICATION, DISTRIBUTION, ETC. (IMPRINT)
Place of publication DELHI
Name of publisher OXFORD UNIVERSITY PRESS
Year of publication 1993
300 ## - PHYSICAL DESCRIPTION
Number of Pages 508
650 ## - SUBJECT ADDED ENTRY--TOPICAL TERM
Topical Term DICTIONARY
Geographic subdivision INDIA
942 ## - ADDED ENTRY ELEMENTS (KOHA)
Koha item type Books
Holdings
Withdrawn status Lost status Collection code Home library Current library Shelving location Date acquired Source of acquisition Cost, normal purchase price Full call number Accession Number Koha item type
    Reference Main Library Main Library SHELF 1 F -DICTIONARY,THEASAURUS 28/03/2003 purchase 85.00 030 AUG/O 00904 Books